Multi-Column Match: You can't have that while pregnant! Quiz Stats

 Plays Quiz not verified by Sporcle

Support Sporcle.
Go Orange.
Score 0/10 Timer 05:00
0 Plays Today
% Correct
Alcohol
95.7%
Large amounts of Swordfish, Shark, King Mackerel, Tilefish
86.1%
Raw cookie dough made with eggs
73.3%
Cigarettes
65.2%
Changing a litterbox
55.7%
Unwashed produce
49.3%
Large amounts of caffeine
48.4%
Raw fish or shellfish
47.8%
Large amounts of organ meat
44.6%
Cold Deli Meats
32.8%

You're not logged in!

Compare scores with friends on all Sporcle quizzes.
OR
Log In

From the Vault

2-Word TV Shows

by minshkins

2 words...how informative!
Remove Ads.
Support Sporcle.
Get the best of Sporcle when you Go Orange. This ad-free experience offers more features, more stats, and more fun while also helping to support Sporcle. Thank you for becoming a member.

Show Comments

Extras

Top Quizzes Today


Score Distribution

Your Account Isn't Verified!

In order to create a playlist on Sporcle, you need to verify the email address you used during registration. Go to your Sporcle Settings to finish the process.

Report this User

Report this user for behavior that violates our Community Guidelines.

Details: